| 000 | 01081nam a2200265Ia 4500 | ||
|---|---|---|---|
| 001 | 270.8-ETE pe (2692) | ||
| 003 | IT-MiSPE | ||
| 008 | 171229s9999||||xx |||||||||||||| ||und|| | ||
| 040 |
_aIT-MiSPE _cIT-MiSPE |
||
| 041 | _aITALIANO | ||
| 100 | _aEteria (Ethérie) | ||
| 240 | _aPeregrinatio ad loca sancta | ||
| 245 | 0 | _aDiario di viaggio | |
| 250 | _a1a ed. (v) | ||
| 260 |
_aAlba (CN) _bEd. Paoline _c(st.) 1966 |
||
| 300 |
_a175 p. _c20 cm |
||
| 490 | _aPatristica | ||
| 501 | _aEdizioni San Paolo srl - Piazza Soncino, 5 - 20092 CINISELLO BALSAMO (MI) (non commercial uses only) ® Copyright 2018 | ||
| 520 | _a Armando Candelaresi (intr.) | ||
| 700 |
_aClara Zoppola _g(traduzione) |
||
| 700 | _aEgeria | ||
| 942 | _cBK | ||
| 957 | _71 | ||
| 999 |
_a14622 _bNO _g Copie: 1 _c346441 _d346441 |
||